01339nam a2200325 a 4500001001000000003000900010005001700019007001000036008004100046020001500087040002200102082002700124100003600151245007400187260003700261300003400298490002300332500002200355600004200377651004800419830002300467910003800490942001200528945002800540952012900568952013600697952012700833956003800960999001500998000037891DO-SdBNP20220125130257.0000037891130308s2007 dr ac 001 0bspa d a9993423203 aBPMSUbspacBPMSU a923.27293bD812b, 20071 aBalcácer, Juan Daniel,d1949-10aJuan Pablo Duarte :bel padre de la patria /cJuan Daniel Balcácer. aSanto Domingo :bSusaeta,c2007. a144 p. :bil., retr. c22 cm.1 aBiblioteca Susaeta aEdición escolar14aDUARTE Y DIEZ, JUAN PABLO,d1813-1876 4aREPÚBLICA DOMINICANAxHISTORIAy1844-1930 0aBiblioteca Susaeta aValidado. Control de calidad EMS. 2ddccBK aInventariado / 2017 VM 00102ddc40708CDaBPMETbBPMETd2015-02-16l0oBPMSU CD 923.27293 D812b 2007pBPMSU15041220r2015-02-16w2015-02-16yBK 00102ddc40708CDaBPMETbBPMETd2015-02-16l0oBPMSU CD 923.27293 D812b 2007pBPMSU15041221r2015-02-16te. 2w2015-02-16yBK 00102ddc40708CDaBPMETbBPMETd2015-02-16l0o923.27293 D812b 2007pBPMSU15041222r2015-02-16te. 3w2015-02-16yBK aVMATEOb10c20160216lBPMSUh0069 c7399d7399